000
00200nam a2200097Ia 4500
100
_a
Curriculum Ceentre
942
_c
BK
245
_a
Desk Work
260
_b
Curriculum Centre
_c
2001
546
_a
ENGLISH
999
_c
31793
_d
31793